Movies Quiz

Random Movies or Vocabulary Quiz

Darth Vader's Vocabulary: A New Hope Quiz Stats

Quiz Updated Jan 14, 2016

Challenge
Share
Tweet
Embed
Score 0/227 Timer 20:00
0 Plays Today
% Correct
I'm
94.1%
I've
94%
I'll
93.9%
I
93.9%
a
92%
the
91.1%
you
87.9%
you've
87.9%
for
79.9%
Force
73%
no
70.3%
is
68.1%
of
67.7%
me
66.2%
your
65.7%
to
62.2%
am
61%
are
60.6%
we'll
60.2%
we
60.1%
be
60%
Rebel
59.6%
in
59.1%
plan
58.9%
he
57.6%
this
57.4%
on
57%
master
56.2%
have
55.8%
where
55.5%
Princess
52.1%
and
51.5%
her
51%
ship
50.2%
not
49.7%
find
49.4%
Obi-Wan
49.3%
them
48.9%
with
48.6%
now
48.4%
so
48.3%
will
48.2%
plans
48.2%
my
46.5%
what
45.3%
power
45.1%
one
44%
all
43.3%
faith
42.3%
it
42.2%
lack
42%
she
41.8%
when
41.5%
strong
40.4%
want
39.5%
disturbing
39.4%
if
39.2%
time
38.9%
take
37.1%
planet
37%
they
36.9%
they've
36.9%
go
36.9%
as
36%
Alliance
35.8%
those
35.3%
old
34.7%
Kenobi
34.7%
was
34.4%
alive
34.2%
that
34.1%
droids
33.4%
but
33%
don't
33%
him
32.6%
destroy
32.5%
% Correct
can
32%
felt
31.9%
there'll
31.6%
us
31%
base
30.8%
bring
30%
man
29.2%
weren't
29.2%
were
29.1%
too
28.9%
at
28.9%
come
28.4%
away
28.3%
done
27.5%
see
26.9%
traitor
26.7%
presence
25.9%
some
25.8%
last
25.1%
Commander
25.1%
escape
24.7%
know
24.6%
been
24.2%
ambassador
24.2%
learner
24%
must
23.7%
part
23.7%
his
23.5%
sense
23.4%
from
23.1%
wish
22.7%
here
22.5%
long
22.4%
since
22.2%
has
22%
tear
21.9%
left
21.7%
their
21.6%
apart
21.3%
never
20.9%
weak
20.7%
Rebellion
20.5%
found
20.4%
our
20.3%
hidden
20.2%
would
20%
any
19.9%
passengers
19.9%
get
19.6%
stop
19.4%
insignificant
18.9%
down
18.4%
pod
18.2%
something
18.1%
next
18%
until
17.9%
mission
17.8%
again
17.4%
waiting
17.4%
Highness
16.8%
back
16.7%
leave
16.3%
leader
16.1%
off
16%
transmissions
16%
by
15.9%
up
15.8%
meet
15.8%
Senate
15.6%
may
15.3%
send
15.3%
technological
15.1%
let
14.8%
end
14.8%
consular
14.7%
location
14.6%
% Correct
underestimate
14.5%
terror
14.4%
mercy
14.2%
ability
14.1%
did
14%
powers
13.9%
intercepted
13.8%
face
13.6%
use
13.5%
stolen
13.5%
fighters
13.2%
day
13.2%
alone
13.1%
soon
13.1%
told
13%
proud
13%
seen
12.8%
secret
12.7%
constructed
12.7%
only
12.5%
spies
12.5%
every
12.3%
complete
12.2%
stay
12.2%
just
11.4%
several
11.3%
sent
11.1%
act
11%
discuss
11%
betray
10.9%
aboard
10.9%
before
10.9%
mind
10.8%
circle
10.6%
into
10.6%
killed
10.6%
beamed
10.3%
surprised
10%
yet
9.4%
probe
9%
inform
8.9%
main
8.6%
resistance
8.6%
attack
8.4%
happened
8.3%
broken
8.3%
group
8%
myself
8%
made
7.8%
hands
7.8%
signal
7.8%
personally
7.6%
detachment
7.5%
crew
7.4%
remembered
7.4%
distress
7.4%
consciously
7.3%
mean
7.3%
retrieve
7.2%
cover
6.9%
link
6.4%
formation
6.3%
return
6.2%
information
6%
considerable
5.8%
jump
5.7%
tremor
5.6%
refer
5.6%
hyperspace
5.6%
extract
5%
close
4.9%
traced
4.8%
scanning
4.8%
trying
4.5%
checked
4.4%

You're not logged in!

Compare scores with friends on all Sporcle quizzes.
Join for Free
OR
Log In

You Might Also Like...

Show Comments

Extras

Top Quizzes Today


Score Distribution

Your Account Isn't Verified!

In order to create a playlist on Sporcle, you need to verify the email address you used during registration. Go to your Sporcle Settings to finish the process.

Report this User

Report this user for behavior that violates our Community Guidelines.

Details: